| 000 | 00447nam a2200181Ia 4500 | ||
|---|---|---|---|
| 003 | OSt | ||
| 005 | 20250813111741.0 | ||
| 008 | 250729s2005 xx 000 0 und d | ||
| 040 | _cAL | ||
| 041 | _aeng | ||
| 082 | _a370 KAUH | ||
| 100 |
_aShukla Chaya _9221236 |
||
| 245 | _aLearning and teaching in higher education | ||
| 260 |
_aNew Delhi _bMi Hall Publication _c2005 |
||
| 300 | _a208p | ||
| 650 |
_aEducation _9221237 |
||
| 942 |
_2ddc _cBED |
||
| 999 |
_c234918 _d234918 |
||